000 00664nam a2200229Ia 4500
003 OSt
005 20220928103233.0
006 a|||||r|||| 00| 0
007 ta
008 220927b |||||||| |||| 00| 0 eng d
024 _a39297
037 _cTextual
040 _aSDCL
_cSDCL
_beng
041 _2eng
_aeng
082 _aO152:g(Y:6), M5
100 _aVaatsyaayan Sachichadaanand Ed.
_9403015
245 0 _aSaahitya aur samaaj parivartan ki prakriya.
260 _aNew Delhi
_bNational Publishing House
_c1985
300 _a205p.
_ccm.
942 _hO152:g(Y:6), M5
_cTEXL
_2CC
999 _c718816
_d718816